| 000 | 01357nam a2200373 i 4500 | ||
|---|---|---|---|
| 001 | 13920 | ||
| 003 | KOSZ 005 | ||
| 005 | 20200630132829.0 | ||
| 008 | 071107s1971 pl a f 001 0 pol | ||
| 015 | _aPB 1971/10243 | ||
| 040 |
_aWA N _cWA N _dKOSZ 005/RW |
||
| 080 | _a517 | ||
| 100 | 1 |
_aKuratowski, Kazimierz _d(1896-1980). _eAutor |
|
| 245 | 1 | 0 |
_aRachunek różniczkowy i całkowy : _bfunkcje jednej zmiennej / _cKazimierz Kuratowski ; [współpraca W. Kołodziej]. |
| 250 | _aWydanie 5. | ||
| 260 |
_aWarszawa : _bPaństwowe Wydawnictwo Naukowe, _c1971. |
||
| 300 |
_a254, [2] strony : _bilustracje ; _c24 cm. |
||
| 336 |
_aTekst _btxt _2rdacontent |
||
| 337 |
_aBez urządzenia pośredniczącego _bn _2rdamedia |
||
| 338 |
_aWolumin _bnc _2rdacarrier |
||
| 380 | _aKsiążki. | ||
| 490 | 1 |
_aBiblioteka Matematyczna ; _vt. 22. |
|
| 504 | _aIndeks. | ||
| 658 | _aMatematyka | ||
| 655 | 4 | _aPodręczniki akademickie | |
| 650 | 4 | _aFunkcje | |
| 650 | 4 | _aRachunek całkowy | |
| 650 | 4 | _aRachunek różniczkowy | |
| 700 | 1 |
_aKołodziej, Witold _eAutor _d(1930-2011) |
|
| 710 | 2 |
_aPaństwowe Wydawnictwo Naukowe _4pbl. |
|
| 830 | 0 |
_aBiblioteka Matematyczna, _vt. 22. |
|
| 856 |
_uhttp://koha.tu.koszalin.pl/cgi-bin/koha/opac-detail.pl?biblionumber=13920 _yKatalog online BPK |
||
| 942 |
_2UKD _cKS |
||
| 999 |
_c13920 _d13920 |
||